000
00209nam a22000857a 4500
008
170112b xxu||||| |||| 00| 0 eng d
100
_9
2363
_a
Dev.A.N.
245
_a
Grammar Power-1
260
_a
New Delhi
_b
Srijan
_c
2011
999
_c
5335
_d
5335